000 00464nam a22001697a 4500
003 BUBTL
008 140129b xxu||||| |||| 00| 0 eng d
082 _a336.24/OWI
100 _942
_aOwaliullah, Md.
245 _aIncome tax (Aykor)
_bআয়কর
_cby Md. Owaliullah
260 _aDhaka,
_bAbith,
_cc2000.
300 _a480p. :
_bill . ; 23cm.
650 _aAccounting
_93561
856 _k0
_l0
_yDownload
942 _2ddc
_cBK
999 _c24
_d24